000 00472nam a2200181Ia 4500
003 GCL
008 140319s9999 xx 000 0 eng d
040 _aGCL /
_cGCL
082 0 4 _a788.62
_bH E
100 1 _aHOOPER, CAROLINE R.
245 1 0 _aEASY CLARINET TUNES /
_cHOOPER, CAROLINE R.
260 _a[S.N] :
_bUSBORNE PUBLISHING LTD ،
_c1995
300 _a48
650 0 4 _aWIND INSTRUMENTS
650 0 4 _aMUSIC - INSTRUMENTS
650 0 4 _aCLARINET
942 _2ddc
_cBK
999 _c25246
_d25246